[Event "Bagsvard GSF 75 Years-B"]
[Site "Bagsvard"]
[Date "2008.04.15"]
[Round "1"]
[White "Sorensen, Dick"]
[Black "Lodahl, Carsten"]
[Result "0-1"]
[WhiteElo "1911"]
[BlackElo "1930"]
[PlyCount "106"]
[EventDate "2008.04.15"]
[EventType "tourn"]
[EventRounds "7"]
[EventCountry "DEN"]
[SourceTitle "EXT 2023"]
[Source "ChessBase"]
[SourceDate "2022.10.05"]
[SourceVersion "1"]
[SourceVersionDate "2022.10.05"]
[SourceQuality "1"]

1. d4 Nf6 2. c4 c5 3. e3 g6 4. Nc3 Bg7 5. Nf3 0-0 6. d5 d6 7. Bd3 e6 8. 0-0 exd5 9. cxd5 a6 10. a4 Bg4 11. h3 Bxf3 12. Qxf3 Nbd7 13. Qe2 Re8 14. f4 Nb6 15. Qf3 Qc7 16. a5 Nbd7 17. Ra4 b5 18. axb6 Qxb6 19. Qe2 Nxd5 20. Nxd5 Qc6 21. Rxa6 Rxa6 22. Bxa6 Qxd5 23. Rd1 Qe6 24. Bc4 Qe7 25. Qd2 Bf8 26. b4 Nb6 27. Bb5 Rc8 28. Bb2 f6 29. Ba6 Rc7 30. Ba3 Ra7 31. b5 Kg7 32. Qc3 Rc7 33. g4 Qe4 34. Bb2 Be7 35. g5 Qf3 36. gxf6+ Kf7 37. Rd2 Bf8 38. Rf2 Qxh3 39. e4 Qe6 40. f5 Qxe4 41. fxg6+ hxg6 42. Qh3 Ke8 43. Qg2 Qxg2+ 44. Kxg2 d5 45. Bc3 c4 46. Ba5 Bc5 47. Re2+ Kf7 48. Ra2 d4 49. Kf3 Kxf6 50. Bxb6 Bxb6 51. Ke4 d3 52. Kd5 c3 53. Ke4 c2 0-1